Don Andrés Bello

Uloženo v:
Podrobná bibliografie
Hlavní autor: Orrego Vicuña, Eugenio (autor)
Médium: Kniha
Jazyk:španělština
Vydáno: Santiago Zig-Zag 1953
Vydání:4a. ed
Témata:
Tagy: Přidat tag
Žádné tagy, Buďte první, kdo vytvoří štítek k tomuto záznamu!

MARC

LEADER 00000nam a2200000 a 4500
001 UCP6359
003 CL-VaPUC
008 991022e19530000CL |||||||||||||||||spa|d
082 0 4 |a 923  |b ORE  |2 21 
100 |a Orrego Vicuña, Eugenio  |e autor  |9 444141 
245 1 0 |a Don Andrés Bello 
250 |a 4a. ed 
300 |a 374 p 
942 |c BK 
945 |d 19991022 00:00:00  |a lriquelm 
260 |a Santiago  |b Zig-Zag  |c 1953 
600 0 7 |a BELLO, ANDRES  |2 CL-VaPUC  |9 435454 
650 0 |a Biografías  |9 255210 
650 7 |a CONTRIBUCIONES  |2 CL-VaPUC  |9 403705 
650 0 |a Pensamiento  |9 307612 
650 0 |a Contribuciones en literatura  |9 392688 
650 0 |a Contribuciones en educación  |9 392745 
583 |a last modification  |c 19991022 00:00:00  |k Rodrigo Vera 
999 |c 283946  |d 283944 
952 |0 0  |1 0  |4 0  |6 923_000000000000000_ORE_1953  |7 0  |8 A  |9 327504  |a BIBHIS  |b BIBHIS  |d 2019-11-20  |i 1383191  |o 923 ORE 1953  |p 1383191  |r 2025-01-20  |w 2019-11-20  |y BK  |k HIS